01010nam a2200253 a 450000100100000000500170001000800410002702000150006804000250008324502230010826000350033130000280036649000180039470000320041270000260044470000270047070000290049770000280052670000260055470000290058083000250060995201050063499900170073900004254020201002040225.0131211s2000 sp a 000 0 spa d a848310671X aDO-SdBNPbspacBNPHU00aAntes de Lucy :bel agujero negro de la evolución humana /cJordi Agustí ... [et al.] ; edición de Jordi Agustí ; traducción de los artículos de D. Pilbeam, P. Andrews y R.D. Martin, Ambrosio García Leal. aBarcelona, :bTusquets,c2000. a286 p. :bil. ;c21 cm.1 aMetatemasv621 aAgustí, Jordieed.9697711 aAndrews, Peter9697721 aKöhler, Meike9697731 aMartin, Robert D.9697741 aMoyà, Salvador9697751 aPilbeam, David9697761 aSabater Pi, Jordi969777 0aMatatemasv62969778 001050718MOaGRbGRcCTd2013-12-11iLF1l0o p42540-10r2020-06-25w2020-06-25y1ZNo se presta c42029d42029